|
|
|
|
| LEADER |
00000nam a2200000 a 4500 |
| 001 |
vtls001433711 |
| 003 |
SK-MaSNL |
| 005 |
20260301072729.0 |
| 008 |
240226s2000 xo o g 000 0 slo |
| 015 |
|
|
|a SNBA2002/08-02701
|
| 020 |
|
|
|a 8088987199
|
| 035 |
|
|
|a SNK000388782
|
| 035 |
|
|
|a urn:nbn:sk:snk-am3i4fd
|
| 035 |
|
|
|a AEC692C7-297E-47E6-A17A-D9759BD52AC5
|
| 035 |
|
|
|a urn:nbn:sk:snk-am00djpj
|
| 040 |
|
|
|a SNK
|b slo
|c SNK
|e AACR2
|
| 041 |
0 |
|
|a slo
|
| 044 |
|
|
|a xo
|c SK
|
| 080 |
|
|
|a 792(082)
|2 1981
|
| 245 |
0 |
0 |
|a Semiš a chróm
|b sprievodca mladým divadlom
|c [Martin Bendik ... [et al.]] ; [editovali:] Anna Grusková, Romana Maliti, Martina Vannayová (ed.)
|
| 260 |
|
|
|a [Bratislava]
|b [Divadelný ústav]
|c 2000
|
| 300 |
|
|
|a 281 s.
|b fotogr.
|c 15x21 cm
|
| 504 |
|
|
|a Res. slov. a angl.
|
| 650 |
0 |
7 |
|a divadlo
|2 SNKPH
|9 3335
|
| 650 |
0 |
7 |
|a mládež
|2 SNKPH
|9 1575
|
| 655 |
|
7 |
|a zbierky
|2 SNKPH
|9 70533
|
| 655 |
|
7 |
|a štúdie
|2 SNKPH
|9 57033
|
| 655 |
|
7 |
|a zborníky
|2 SNKPH
|9 70165
|
| 700 |
1 |
|
|a Bendik, Martin,
|d 1960-
|4 aut
|9 117697
|
| 700 |
1 |
|
|a Grusková, Anna,
|d 1962-
|4 edt
|9 107681
|
| 700 |
1 |
|
|a Maliti, Romana,
|d 1977-
|4 edt
|9 117019
|
| 700 |
1 |
|
|a Vannayová, Martina,
|d 1977-
|4 edt
|9 132615
|
| 919 |
|
|
|a 80-88987-19-9
|
| 958 |
|
|
|a TL
|
| 958 |
|
|
|a NB
|
| 958 |
|
|
|a SK
|
| 999 |
|
|
|c 641920
|d 643850
|
| 952 |
|
|
|t P60, <03>, [BOOK], {603}
|a SNK
|b SNK
|y PREZ
|7 0
|p 17A0342996
|o snkSE 10150
|i snkKSP 5546/2002
|0 0
|1 0
|4 0
|d 2002-05-09
|f 1
|l 0
|r 2005-01-02 00:00:00
|w 2026-02-23
|
| 952 |
|
|
|t P60, <04>, [BOOK], {604}
|a SNK
|b SNK
|y VYP
|7 0
|p 17A0342997
|o snkSE 10150 D1
|i snkKSP 5547/2002
|0 0
|1 0
|4 0
|d 2002-05-09
|l 0
|r 2005-01-02 00:00:00
|w 2026-02-23
|